000 00631nam a2200181 i 4500
001 79382
003 ES-MaACL
005 20230906173951.0
007 t|
008 041021s1931 sp ||||1| spa d
100 1 _aHernández Muñoz, Elías.
_963004
245 1 0 _aInfluencia de los factores vitamínicos en los alimentos de los animales domésticos /
_cpor Elías Hernández Muñoz.
260 _aMadrid :
_bErnesto Giménez,
_c1931.
300 _a64 p. ;
_c24 cm.
500 _aPrecede al tít.: Asociación General de Ganaderos.
710 2 _aAsociación General de Ganaderos (España)
_91713
852 _aES-MaACL
_j1753-F-23
999 _c79382
_d79382